000 00545nam a2200193Ia 4500
008 131103s9999 xx 000 0 und d
020 _cRs.10.50
040 _aLoreto College
041 _aEnglish
082 _a371.9/KIR
_bLCBED/14321
100 _aKirk,Samuel A.
245 _aEducating exceptional children
_cSamuel A.Kirk
260 _aCalcutta
_bOxford & IBH
_c1962
300 _axvi,415 p.
_b ill,tables
_c 21cm.
504 _aIncludes references and index
650 _aSpecial Education
850 _aLCBED/371.9/KIR
942 _cBK
999 _c26116
_d76595